000 00765nam a2200217 a 4500
001 46953
003 BD-RjUL
005 20211209054233.0
008 160807s1977 ii e b 001 0 beno
035 _a(BD-RjUL)47072
040 _aDLC
_cDLC
_dBD-RjUL
_bben
041 _aben
082 _a160
_223
_bDAN 1977
100 _aদাস, রমাপ্রমাদ
_9143348
245 1 0 _aনব্য যুত্তি বিজ্ঞান /
_cরমাপ্রমাদ দাস
260 _aকলিকতা :
_bমডার্না বুক এজেন্সি,
_c১৯৭৭
300 _a১৯৫ পৃ. ;
_c২৩ সেমি.
650 0 _aযুত্তি বিজ্ঞান
_9143349
650 0 _aYutti Science
_9143350
942 _2ddc
_cBK
999 _c46953
_d46953